Trh práce a globálne ekonomické prostredie

Trh práce v kontexte súčasných a očakávaných zmien globálneho ekonomického prostredia. Nezamestnanosť ako podstatný spoločensko-ekonomický problém. Problémy, ktoré si vyžiadali zo strany štátu nové prístupy a nástroje na ich riešenie.

Na minha lista:
Detalhes bibliográficos
Autor principal: Rievajová, Eva
Outros Autores: Klimko, Roman, 1985-
Formato: Capítulo de Livro
Idioma:eslovaco
Assuntos:
Tags: Adicionar Tag
Sem tags, seja o primeiro a adicionar uma tag!

MARC

LEADER 00000nla$a2200000$$$4500
001 0145326
005 20240502072619.9
041 0 |a slo 
044 |a SK 
245 1 0 |a Trh práce a globálne ekonomické prostredie  |c Eva Rievajová, Roman Klimko 
520 |a Trh práce v kontexte súčasných a očakávaných zmien globálneho ekonomického prostredia. Nezamestnanosť ako podstatný spoločensko-ekonomický problém. Problémy, ktoré si vyžiadali zo strany štátu nové prístupy a nástroje na ich riešenie. 
610 2 0 |a trh práce 
610 2 0 |a politika zamestnanosti 
610 2 0 |a problémy spoločenské 
610 2 0 |a problémy globálne 
610 2 0 |a miesta pracovné 
610 2 0 |a štruktúra síl pracovných 
610 2 0 |a ponuka práce 
610 2 0 |a zamestnanosť 
610 2 0 |a miera nezamestnanosti 
610 2 0 |a kríza hospodárska 
100 1 |a Rievajová, Eva 
700 1 |a Klimko, Roman, 1985-